University Home | Library Home | Institutional Repository

Handbook on electroplating, polishing, bronzing & lacquering. (Record no. 165001)

MARC details
000 -LEADER
fixed length control field 00781cam1a220025300 4500
001 - CONTROL NUMBER
control field tmp15694405
003 - CONTROL NUMBER IDENTIFIER
control field UPRA
005 - DATE AND TIME OF LATEST TRANSACTION
control field 20190826102855.0
008 - FIXED-LENGTH DATA ELEMENTS--GENERAL INFORMATION
fixed length control field 951005s1966 enk eng u
035 ## - SYSTEM CONTROL NUMBER
System control number (Sirsi) r61797
035 ## - SYSTEM CONTROL NUMBER
System control number (UPRA)tmp15694405
040 ## - CATALOGING SOURCE
Transcribing agency UPRA
110 2# - MAIN ENTRY--CORPORATE NAME
Corporate name or jurisdiction name as entry element W. Canning & Co., Ltd.
Linkage A21389.1
245 10 - TITLE STATEMENT
Title Handbook on electroplating, polishing, bronzing & lacquering.
250 ## - EDITION STATEMENT
Edition statement 20th ed.
260 ## - PUBLICATION, DISTRIBUTION, ETC.
Place of publication, distribution, etc. Birmingham :
Name of publisher, distributor, etc. W. Canning & Co., Ltd.,
Date of publication, distribution, etc. [1966]
650 #0 - SUBJECT ADDED ENTRY--TOPICAL TERM
Topical term or geographic name entry element Electroplating.
Linkage S14963.1
650 #0 - SUBJECT ADDED ENTRY--TOPICAL TERM
Topical term or geographic name entry element Grinding and polishing.
Linkage S14056.1
650 #0 - SUBJECT ADDED ENTRY--TOPICAL TERM
Topical term or geographic name entry element Bronzing.
Linkage S14965.1
650 #0 - SUBJECT ADDED ENTRY--TOPICAL TERM
Topical term or geographic name entry element Lacquer and lacquering.
Linkage S12842.1
650 #0 - SUBJECT ADDED ENTRY--TOPICAL TERM
Topical term or geographic name entry element Enamel and enameling.
Linkage S14966.1
949 ## - LOCAL PROCESSING INFORMATION (OCLC)
a TS670
w lcc
i -81438
m MAIN
t BOOK
l ON-SHELF

No items available.

© 2026 - The University of Zambia Library - Koha v25.11